000 00273nam a22001217a 4500
008 181129b xxu||||| |||| 00| 0 eng d
041 _aeng
080 _a043.3
100 _a0
101 _aBTH-ARK
245 _aLagje Banimi Individual, Peje
_cMorina, E
942 _2udc
_cBK
999 _c52657
_d52657